000 01056nam a22003137a 4500
001 BR7900088
003 BR-BrBNA
005 20230928085859.0
007 ta
008 230509b bl.||||| |||| 00| 0 por d
040 _aBR-BrBNA
_bpor
_cBiblioteca Nacional de Agricultura
041 _a(Por)
072 _aL30
_b5300
_b0430
_b8959
_b3730
090 _ 5300 BR7900088
100 1 _aMoura, M.P. de
110 1 _aEscola Superior de Agricultura Luiz de Queiroz, Piracicaba, SP (Brasil)
_0Dissertacao (Mestrado em Nutricao Animal e Pastagens)
245 1 _aEfeito de niveis crescentes de farelo de algodao e lisina sobre a performance e caracteristicas de carcaca de suinos em crescimento e acabamento
260 3 _aPiracicaba, SP (Brasil):
_c1978.
300 _a123 p.
500 _a64 tables; Bibliography p. 99-107 (80 ref.); Summaries (Eng, Por)
650 _aSuino
650 _aFarelo
650 _aAlgodao
650 _aLisina
650 _aNutricao animal
650 _aCarcaca
909 _a202309
_bLucia
_c55
_dLucia Elande
942 _cBK
999 _c26840
_d26840